00633 am a2200169 a 450000500170000000800410001702000140005804100080007211000150008024501130009525000110020826000380021930000100025750001510026765300210041865300240043920231221083216.0101006s1999||||ag d f |||| 000 0 spa d a989675258 aspa1 aAFACIMERA. aEducación médica. Desafíos y tendencias. bT.1 El contexto sanitario y socio-económico /cAFACIMERA. a1a ed. aBuenos Aires: bAFACIMERA;c1999. a94 p. aAFACIMERA. (1999) Educación médica. Desafíos y tendencias. T.1 El contexto sanitario y socio-económico. (1a ed.) Buenos Aires : AFACIMERA. aCiencias Medicas aFormación docente